| 000 | 00790cam a2200205 4500 | ||
|---|---|---|---|
| 001 | WB3719-39 | ||
| 008 | 000000n2001 000 0 eng u | ||
| 035 | _a(Sirsi) u112600 | ||
| 245 | _aLand and farm sales update | ||
| 260 | _c2001 | ||
| 490 |
_aFarmers' Weekly _v134(19) 11 May 2001, 92(1) |
||
| 520 | _aLatest figures from RICS indicate that only 59 land and farm sale deals were concluded in England and Wales in 1Q 2001, compared with 90 during the same period last year. However, the survey also indicates that the average weighted price of land in 1Q 2001 has risen since the last three months of 2000. | ||
| 590 | _aWB | ||
| 650 | _aRICS MARKET SURVEYS | ||
| 650 | _aLAND PRICES | ||
| 650 | _aLAND SALES | ||
| 650 | _aFARMLAND | ||
| 690 | _aRURAL-MARKET | ||
| 942 | _n0 | ||
| 999 |
_c67023 _d67023 |
||